States with the most Costco locations - Statistics

General Stats
  • This quiz has been taken 49 times
  • The average score is 10 of 12
Answer Stats
# of Stores Answer % Correct
43 Texas
98%
140 California
95%
34 Florida
95%
19 New York
93%
34 Washington
84%
17 Georgia
79%
17 Michigan
79%
17 Virginia
74%
20 Arizona
72%
23 Illinois
72%
16 Colorado
60%
21 New Jersey
53%
No matching quizzes found
Score Distribution
Percent of People with Each Score
Percentile by Number Answered
Your Score History
You have not taken this quiz